| 000 | 00558nam a22001577a 4500 | ||
|---|---|---|---|
| 003 | PILC | ||
| 005 | 20250217115457.0 | ||
| 008 | 150824b xxu||||| |||| 00| 0 eng d | ||
| 050 |
_aQA 76.76.A65 _b.M672 2010 |
||
| 100 | _aMiranda, Romeo R. Jr. | ||
| 245 |
_aStudent information system of saint francis of assisi college / _cRomeo R. Miranda Jr. |
||
| 260 |
_aLas PiƱas City : _bSouthville International School and Colleges, _c2010. |
||
| 300 |
_aviii, 31 pages ; _c28 cm. |
||
| 500 | _aIncludes bibliographical references and appendix. | ||
| 942 |
_2lcc _cTH |
||
| 999 |
_c288461 _d288461 |
||